000 00398nam a22001457a 4500
003 SGT
020 _a9780323320207
082 _a617.66
_bL14D
100 _aDin Lam
245 _aLocal and Regional Flaps of the Head and Neck
260 _aPhiladelphia, United States
_bElsevier - Health Sciences Division
_c2014
300 _a277.439
650 _aOral and Maxillofacial Surgery
942 _2ddc
_cBK
999 _c18341
_d18341